Los caudillos liberales de la Salina de Chita: políticas de financiamiento en Boyacá durante el siglo XIX (Registro nro. 14094)
[ vista simple ]
| 000 -LEADER | |
|---|---|
| fixed length control field | 00578nam a2200193Ia 4500 |
| 005 - DATE AND TIME OF LATEST TRANSACTION | |
| control field | 20251006225607.0 |
| 008 - FIXED-LENGTH DATA ELEMENTS--GENERAL INFORMATION | |
| fixed length control field | 251006t2001||||xx |||||||||||||| ||und|| |
| 040 ## - CATALOGING SOURCE | |
| Original cataloging agency | CBC |
| 100 ## - MAIN ENTRY--PERSONAL NAME | |
| Personal name | Rosenthal, Joshua |
| 245 ## - TITLE STATEMENT | |
| Title | Los caudillos liberales de la Salina de Chita: políticas de financiamiento en Boyacá durante el siglo XIX |
| 300 ## - PHYSICAL DESCRIPTION | |
| Extent | p. 383-391 |
| 650 ## - SUBJECT ADDED ENTRY--TOPICAL TERM | |
| Topical term or geographic name entry element | HISTORIA ECONOMICA |
| 650 ## - SUBJECT ADDED ENTRY--TOPICAL TERM | |
| Topical term or geographic name entry element | HISTORIA SOCIAL |
| 650 ## - SUBJECT ADDED ENTRY--TOPICAL TERM | |
| Topical term or geographic name entry element | SAL |
| 650 ## - SUBJECT ADDED ENTRY--TOPICAL TERM | |
| Topical term or geographic name entry element | SIGLO XIX |
| 651 ## - SUBJECT ADDED ENTRY--GEOGRAPHIC NAME | |
| Geographic name | COLOMBIA |
| 773 ## - HOST ITEM ENTRY | |
| Main entry heading | Anuario de historia regional y de las fronteras No. 6 (2001) |
| 942 ## - ADDED ENTRY ELEMENTS (KOHA) | |
| Catalogador | MJCh |
No hay ítems disponibles.